000 006380000a22001810004500
003 MACL
005 20160204125404.0
008 160204b xxu||||| |||| 00| 0 eng d
040 _aMACL
_cMACL
041 _aHindi
082 _a020
100 _aडब्‍ल्‍यू सी बरविक सेयर्स
_936869
245 _aग्रन्‍थालय वर्गीकरण की भूमिका
260 _bमध्‍यप्रदेश हिन्‍दी ग्रन्‍थ अकादमी
_c1984
_aभोपाल
350 _a30
650 _aLibrary Sci.
_936840
942 _cHIN
_k020
_2ddc
999 _c29667
_d29667